Представление документа в формате RUSMARC

ПолеНазваниеЗначение
  Тип записи a
  Библиографический уровень m
001 Контрольный номер RU/SLIB/B/208768773
005 Дата корректировки 20201206204252.6
010 Индекс ISBN __
a ISBN 5-8192-0169-8
d Цена 78-00
101 Язык документа 0_
a Язык текста rus
c Язык оригинала rus
200 Заглавие и сведения об ответственности 1_
a Заглавие Библиотека и краеведение
e Сведения, относящиеся к заглавию библиогр. указ. лит. за 1999-2000 гг.
f Первые сведения об ответственности РАН ; сост. Л. С. Николаева
b Общее обозначение материала Текст
210 Выходные данные __
a Место издания СПб.
c Издательство Изд-во Рос. нац. б-ки
d Дата издания 2003
215 Физическое описание __
a Объем 375 с.
330 Аннотация __
a Аннотация Пособие включает монографии, сборники, тезисы докладов, рецензии по общим вопросам развития и состояния краеведческого движения, практике библиотечного краеведения в России и за рубежом.
606 Тематические рубрики __
a Основная рубрика Литература универсального содержания
z Хронологическая подрубрика 1999 г.; 2000 г.; 20 в. кон.
606 Тематические рубрики __
a Основная рубрика Библиографические пособия
606 Тематические рубрики __
a Основная рубрика География
606 Тематические рубрики __
a Основная рубрика Краеведение
610 Ключевые слова __
a Ключевые слова автографы; краеведческое движение; краеведческие общества; библиотеки; усадьбы; архивы; краеведческие исследования; краеведы; автоматизация; библиотечные фонды; библиотечные кадры; биографика; генеалогия; коллекционирование; персоналии; библиография; библиотечная деятельность; краеведческие музеи
686 Индексы других классификаций __
a Классификационный индекс 91.9:2
686 Индексы других классификаций __
a Классификационный индекс 26.89(2)я1
702 Вторичная интеллектуальная ответственность _1
a Фамилия Николаев
b Имя Л. С.
4 Код отношения Составитель
4 Код отношения 220
801 Источник записи _0
a Страна RU
b Организация Муниципальное бюджетное учреждение культуры "Централизованная библиотечная система" г. Сургут (Центральная городская библиотека им. А. С. Пушкина)
g Правила каталогизации КиК/Чорнонос Н.П.
801 Источник записи _1
a Страна RU
b Организация Муниципальное бюджетное учреждение культуры "Централизованная библиотечная система" г. Сургут (Центральная городская библиотека им. А. С. Пушкина)
g Правила каталогизации КиК/Чорнонос Н.П.
852 Данные о местонахождении __
j Шифр хранения 91.9:2
i Авторский знак Б 59
p Инвентарный номер Б/Н
901 Тип документа __
t Тип документа m
903 Характеристики (МАРС) __
a Дата передачи 20040906
969 Тип издания __
a Тип издания библиографический указатель
990 Данные о заказе (DOS) __
j Количество экземпляров (DOS) 1
t N записи в КСУ для И/У (DOS) 200409